| 000 | 00761 a2200229 4500 | ||
|---|---|---|---|
| 003 | OSt | ||
| 005 | 20180116192348.0 | ||
| 008 | 120531t xxu||||| |||| 00| 0 eng d | ||
| 010 | _a 66012041 | ||
| 020 | _a9780500200353 | ||
| 040 | _c0 | ||
| 082 | 0 | 0 |
_a730.924 _aB |
| 100 | 1 |
_aRead, Herbert, _93012 |
|
| 245 | 0 | 0 |
_aHenry Moore; _ba study of his life and work _c[by] Herbert Read. |
| 260 |
_aNew York : _bPraeger, _c[1966, c1965]. |
||
| 300 |
_a284 p. : _billus. (part col.), ports. _c22 cm. |
||
| 490 | 0 | _aA Praeger world of art profile | |
| 500 | _aIncludes bibliographical references and index. | ||
| 600 | 1 | 0 |
_aMoore, Henry, _d1898-1986. _93013 |
| 942 |
_aSADA _cBK _k730.924 REA 1966 _2ddc |
||
| 999 |
_c352839 _d352839 |
||